| 000 | 00379nam a22001577a 4500 | ||
|---|---|---|---|
| 003 | OSt | ||
| 008 | 231016b |||||||| |||| 00| 0 eng d | ||
| 020 | _a9789352138326 | ||
| 082 | _a005.74 GRD | ||
| 100 | _aGRUS,Joel | ||
| 245 | _aData Science from Scratch First Principles with Python | ||
| 260 |
_aNew Delhi _bSPD _c2022 |
||
| 300 | _a384 | ||
| 650 | _aIT | ||
| 942 |
_2ddc _cBK |
||
| 999 |
_c12101 _d12101 |
||